00585nam a2200193Ia 4500008004100000041001200041082001100053100003700064245006300101260003400164300000800198365000800206520001300214546001200227630006300239650001300302655001300315730006300328101110s9999 xx 000 0 und d aENGLISH bJR5808 aAinapure Varsha, Ainapure Mukund aBook-keeping & accountancy for Std. XII, Vol. I: Text book c2008bManan Prakashan, Mumbai a295 b120 aCommerce aENGLISH aBook-keeping & accountancy for Std. XII, Vol. I: Text book aCommerce aCommerce aBook-keeping & accountancy for Std. XII, Vol. I: Text book